=LDR 00000nam 2200000 4500 =001 INLIS000000000002471 =005 20130612090815 =008 ***********************************Ind** =035 ##$$0010-061300000002471 =041 ##$$a Ind =082 ##$$a 616.15 =090 ##$$a 616.15, Sup h =100 ##$$a Supandiman, Iman =245 ##$$a Hematologi klinik, Iman Supandiman =260 ##$$a 1994 $b Bandung =300 ##$$a viii,216 hlm, 20 cm =650 ##$$a Hematologi Klinik =850 ##$$a NBPNMAT =990 ##$$a 0001/BPAP-NTB/20142015 =990 ##$$a DW99007233 =990 ##$$a 102.360/Pro.96 =990 ##$$a 0001/BPAP-NTB/20142015